000 01367nam a2200409 i 4500
001 40987
003 KOSZ 005
005 20240405063134.0
008 011026s2002 pl a f f |000 0 pol
015 _aPB 2002/6610
020 _a8301136685
040 _aWA N
_cWA N
_dKOSZ 005/HR
046 _k2002
080 _a332.1(438)
080 _a316.422(438)
080 _a913(438):911.3
080 _a(075.8)
100 1 _aWęcławowicz, Grzegorz
_eAutor
245 1 0 _aPrzestrzeń i społeczeństwo współczesnej Polski :
_bstudium z geografii społeczno-gospodarczej /
_cGrzegorz Węcławowicz.
260 _aWarszawa :
_bWydawnictwo Naukowe PWN,
_c2002.
300 _a177, [2] s. :
_bil., mapy ;
_c24 cm.
380 _aKsiążki
388 _a2001-
504 _aBibliogr.
648 7 _a1901-2000
648 7 _a1989-2000
650 4 _aRegionalizacja gospodarcza
650 4 _aTransformacja systemu społeczno-gospodarczego
650 4 _aAntropogeografia
651 4 _aPolska
655 4 _aPodręczniki akademickie
658 _aGeografia i nauki o Ziemi
658 _aSocjologia i społeczeństwo
710 2 _aWydawnictwo Naukowe PWN
_4pbl.
856 _uhttp://koha.tu.koszalin.pl/cgi-bin/koha/opac-detail.pl?biblionumber=40987
_zKatalog online BPK
942 _2UKD
_cKS
999 _c40987
_d40987